00562nam a2200193 a 4500001001300000003000900013005001700022008004100039020000800080082001300088100001900101245008000120260005600200300000900256500003500265505002100300650002800321700001900349nice12345678IN_TiNIC20260116011848.0050524s1912 lona grp 000 0 eng  ac000a266bKEA aKeable, Robert aDarkness Or Lightb Studies in the History of the Universities Mission to C aLondonbUniersities Mission to Central Africac1912 a320p aincludes index and biblioraphy2 aIndex, Map, Ill. aMissions-Central Africa1 aKeable, Robert